Estudio sobre techos de bóvedas tabicadas cilíndricas de ladrillo de barro cocido para viviendas / (Registro nro. 94)

Detalles MARC
000 -LEADER
campo de control de longitud fija 01490nam a2200325 i 4500
001 - NÚMERO DE CONTROL
campo de control 42835
003 - IDENTIFICADOR DE NÚMERO DE CONTROL
campo de control gtgccic
005 - FECHA Y HORA DE LA ÚLTIMA TRANSACCIÓN
campo de control 20250818131541.0
007 - CAMPO FIJO DE DESCRIPCIÓN FÍSICA--INFORMACIÓN GENERAL
campo de control de longitud fija ta
008 - DATOS DE LONGITUD FIJA--INFORMACIÓN GENERAL
campo de control de longitud fija 241119| gt ||||| |||| 00| 0 spa d
040 ## - FUENTE DE CATALOGACIÓN
Centro catalogador/agencia de origen gtgccic
Lengua de catalogación spa
Centro/agencia transcriptor gtgccic
Normas de descripción rda
084 ## - OTRO NÚMERO DE CLASIFICACIÓN
Número de control del registro de autoridad o número normalizado C-74-948
100 10 - ENTRADA PRINCIPAL--NOMBRE DE PERSONA
Nombre de persona Guzmán Román, Oscar de Jesús
Fechas asociadas al nombre 1974
Término indicativo de función/relación Autor
245 10 - MENCIÓN DEL TÍTULO
Título Estudio sobre techos de bóvedas tabicadas cilíndricas de ladrillo de barro cocido para viviendas /
Mención de responsabilidad, etc. Oscar de Jesús Guzmán Román.
264 #1 - PRODUCCIÓN, PUBLICACIÓN, DISTRIBUCIÓN, FABRICACIÓN Y COPYRIGHT
Producción, publicación, distribución, fabricación y copyright Guatemala, Guatemala :
Nombre del de productor, editor, distribuidor, fabricante Facultad de Ingeniería, Universidad de San Carlos de Guatemala,
Fecha de producción, publicación, distribución, fabricación o copyright 1974.
300 ## - DESCRIPCIÓN FÍSICA
Extensión 48 páginas :
Otras características físicas Ilustraciones,
Dimensiones 23 cm
336 ## - TIPO DE CONTENIDO
Fuente rdacontenido
Término de tipo de contenido Texto
Código de tipo de contenido txt
337 ## - TIPO DE MEDIO
Fuente rdamedio
Nombre/término del tipo de medio sin mediación
Código del tipo de medio n
338 ## - TIPO DE SOPORTE
Fuente rdasoporte
Nombre/término del tipo de soporte volumen
Código del tipo de soporte nc
502 ## - NOTA DE TESIS
Nota de tesis Ingeniero Civil,
Tipo de título Tesis de grado,
Nombre de la institución que otorga el título USAC,
Año de obtención del título 1974.
Identificador de la tesis C74948
504 ## - NOTA DE BIBLIOGRAFÍA, ETC.
Nota de bibliografía, etc. Nota Bibliografía página 41
520 3# - RESUMEN, ETC.
Sumario, etc. El trabajo realizado en el presente trabajo trata sobre un nuevo tipo de techo construido a base de ladrillo tayullo, cuya forma obedece a una bóveda cilíndrica de cañón en la cual la contra flecha central es mínima. Este tipo de bóveda comúnmente se le puede llamar bovedilla ya que sus entrevigados habituales son generalmente reducidos a luces de 0.80 a 1 m.
546 ## - NOTA DE IDIOMA
Nota de lengua/lenguaje Español
650 14 - PUNTO DE ACCESO ADICIONAL DE MATERIA--TÉRMINO DE MATERIA
Término de materia o nombre geográfico como elemento de entrada Cubiertas (Construcción)
650 14 - PUNTO DE ACCESO ADICIONAL DE MATERIA--TÉRMINO DE MATERIA
Término de materia o nombre geográfico como elemento de entrada Bóvedas
650 14 - PUNTO DE ACCESO ADICIONAL DE MATERIA--TÉRMINO DE MATERIA
Término de materia o nombre geográfico como elemento de entrada Techos (viviendas)
700 10 - ENTRADA AGREGADA--NOMBRE PERSONAL
Nombre de persona Rodas Mazariegos, Aníbal
Término indicativo de función/relación Asesor
942 ## - ELEMENTOS DE ENTRADA SECUNDARIOS (KOHA)
Préstamos Koha (prestado), todas las copias tesis
Tipo de ítem Koha TESIS
Prefijo de la signatura C74948
Suprimir en OPAC No
Fuente de la clasificación o esquema de estantería Clasificación Decimal Dewey
945 ## - PROCESAMIENTO DE INFORMACIÓN LOCAL (OCLC)
a MC
Existencias
Estatus retirado Estado de pérdida Estado de daño No para préstamo Biblioteca de origen Biblioteca actual Fecha de adquisición Número de inventario Total de préstamos Signatura topográfica completa Código de barras Visto por última vez Precio de reemplazo Tipo de ítem Koha Nota pública
        CENTRO DE INFORMACIÓN A LA CONSTRUCCIÓN-CICON CENTRO DE INFORMACIÓN A LA CONSTRUCCIÓN-CICON 04/03/1974 T1974948   C-74-948 TC1974948 19/11/2024 19/11/2024 TESIS Disponible